An introduction to computing /

Guardado en:
Autor Principal: Wooldridge, R. 1919-
Formato: Libro
Idioma:English
Publicado: London ; New York : Oxford University Press, 1962.
Etiquetas: Agregar Etiqueta
Sin Etiquetas, Sea el primero en etiquetar este registro!
LEADER 00455nam a22001335a 4500
001 EEA.libagro000113
008 130809s1962####nyua##########000#0#eng#d
005 20191204115919.0
245 1 0 |a An introduction to computing /  |c R. Wooldridge. 
260 |a London ;  |a New York :  |b Oxford University Press,  |c 1962. 
300 |a 217 p. :  |b il. ;  |c 21 cm. 
100 1 |a Wooldridge, R.  |q (Roylance),  |d 1919- 
082 0 4 |a 004.0151 
859 |a AR-BbBCA  |b BIB. AGRONOMIA  |h 004.0151  |i W858  |p 1970/0071